Biodivesidade: un enfoque químico - biológico /

Bibliografiske detaljer
Hovedforfatter: Gottlieb, Otto Richard. 1920-2011 (autor)
Andre forfattere: Kaplan, María Auxiliadora C. 1931- (autor), Borin, María Renata de M. B. (autor)
Format: Bog
Sprog:Portuguese
Udgivet: Rio de Janeiro: Univerisadade Federal do Rio de Janeiro, 1996.
Udgivelse:Primera edición.
Fag:

MARC

LEADER 00000nam a2200000 i 4500
003 eccuu
005 20231212062601.0
006 a||||gr|||| 001 0
007 ta
008 231208t1996 bl aaaag |||| 001 0 por a
020 |a 85-7108-124-7 
040 |a eccuu  |b spa  |c eccuu  |e rda 
041 0 |a por 
082 0 |2 22  |a 547.2  |c 353663 
100 1 |9 310683  |a Gottlieb, Otto Richard.  |d 1920-2011,   |e autor 
245 1 0 |a Biodivesidade:   |b un enfoque químico - biológico /   |c Gottlieb, Otto y [otros dos]. 
250 |a Primera edición. 
264 1 |a Rio de Janeiro:   |b Univerisadade Federal do Rio de Janeiro,   |c 1996. 
300 |a 267 páginas:   |c 23 cm 
336 |2 rdacontent  |a texto  |b txt 
337 |2 rdamedia  |a no mediado  |b n 
338 |2 rdacarrier  |a volumen  |b nc 
504 |a ii 
505 |a A base de apoio: entrosamento de química o biológica -- Célula -- Metabolismo -- Membranas -- metodologia -- O desbravamento do caminho: dados químico-biológicos -- Ecologia -- A meta do desafío: biodiversidade químico-biológica -- Mapeamento. 
600 |2 eccuu 
650 1 0 |a Química orgánica  |9 12767 
650 1 7 |2 eccuu  |a Biología  |9 2601 
650 1 7 |2 eccuu  |a Metabolismo  |9 34393 
651 |2 UCuenca-cdrjbv 
700 1 |9 310968  |a Kaplan, María Auxiliadora C.  |d 1931-  |e autor 
700 1 |9 310969  |a Borin, María Renata de M. B.  |e autor 
942 |2 ddc  |c BK  |z lourdes.naula@ucuenca.edu.ec 
999 |c 163270  |d 163270